Mechanics of fluids / (Record no. 32797)
[ view plain ]
| 000 -LEADER | |
|---|---|
| fixed length control field | 00853mam a22003135a 4500 |
| 001 - CONTROL NUMBER | |
| control field | 2631997 |
| 003 - CONTROL NUMBER IDENTIFIER | |
| control field | OSt |
| 005 - DATE AND TIME OF LATEST TRANSACTION | |
| control field | 20210930125825.0 |
| 008 - FIXED-LENGTH DATA ELEMENTS--GENERAL INFORMATION | |
| fixed length control field | 990309s1998 enk 000 0 eng d |
| 015 ## - NATIONAL BIBLIOGRAPHY NUMBER | |
| National bibliography number | GB99-22957 |
| 020 ## - INTERNATIONAL STANDARD BOOK NUMBER | |
| International Standard Book Number | 9780415602600 |
| 035 ## - SYSTEM CONTROL NUMBER | |
| System control number | (OCoLC)ocm40928151 |
| 035 ## - SYSTEM CONTROL NUMBER | |
| System control number | (NNC)2631997 |
| 038 ## - RECORD CONTENT LICENSOR | |
| Staff Name | khadija |
| 040 ## - CATALOGING SOURCE | |
| Original cataloging agency | EUN |
| Transcribing agency | EUN |
| Modifying agency | UKM |
| -- | TXA |
| 082 04 - DEWEY DECIMAL CLASSIFICATION NUMBER | |
| Classification number | 620.106 |
| Edition number | 21 |
| Author Mark | MAS |
| 090 ## - LOCALLY ASSIGNED LC-TYPE CALL NUMBER (OCLC); LOCAL CALL NUMBER (RLIN) | |
| Classification number (OCLC) (R) ; Classification number, CALL (RLIN) (NR) | TA357 |
| Local cutter number (OCLC) ; Book number/undivided call number, CALL (RLIN) | .M37 2011 |
| 100 1# - MAIN ENTRY--PERSONAL NAME | |
| Personal name | Massey, B. S. |
| Fuller form of name | (Bernard Stanford) |
| 9 (RLIN) | 82893 |
| 245 10 - TITLE STATEMENT | |
| Title | Mechanics of fluids / |
| Statement of responsibility, etc. | Bernard Massey. |
| 250 ## - EDITION STATEMENT | |
| Remainder of edition statement | 9th |
| 260 ## - PUBLICATION, DISTRIBUTION, ETC. | |
| Place of publication, distribution, etc. | Cheltenham, England : |
| Name of publisher, distributor, etc. | S. Thornes, |
| Date of publication, distribution, etc. | 1998. |
| 300 ## - PHYSICAL DESCRIPTION | |
| Extent | xii, 722 p. : |
| Other physical details | ill. ; |
| Dimensions | 25 cm. |
| 563 ## - BINDING INFORMATION | |
| Binding note | PB |
| 650 #0 - SUBJECT ADDED ENTRY--TOPICAL TERM | |
| Topical term or geographic name entry element | Fluid mechanics. |
| 9 (RLIN) | 1678 |
| 650 #4 - SUBJECT ADDED ENTRY--TOPICAL TERM | |
| Topical term or geographic name entry element | Fluid mechanics. |
| 9 (RLIN) | 1678 |
| 700 1# - ADDED ENTRY--PERSONAL NAME | |
| Personal name | Ward-Smith, A. J. |
| Fuller form of name | (Alfred John) |
| 9 (RLIN) | 82894 |
| 942 ## - ADDED ENTRY ELEMENTS (KOHA) | |
| Source of classification or shelving scheme | |
| Koha item type | Book |
| Withdrawn status | Lost status | Source of classification or shelving scheme | Damaged status | Not for loan | Permanent Location | Current Location | Shelving location | Date acquired | Full call number | Barcode | Date last seen | Price effective from | Koha item type | Public note |
|---|---|---|---|---|---|---|---|---|---|---|---|---|---|---|
| School of Mechanical & Manufacturing Engineering (SMME) | School of Mechanical & Manufacturing Engineering (SMME) | General Stacks | 11/24/2015 | 620.106 MAS | SMME-1652 | 03/29/2018 | 11/24/2015 | Book | Rack,43-Shelf,3 |
